Informe final: Reunión sobre Recursos y Necesidades de Información y Documentación Socio-educativa en el Area Centroamericana
Guardat en:
| Autor corporatiu: | |
|---|---|
| Format: | Desconegut |
| Publicat: |
Guatemala :
|
| Matèries: | |
| Etiquetes: |
Afegir etiqueta
Sense etiquetes, Sigues el primer a etiquetar aquest registre!
|
MARC
| LEADER | 00000 a2200000 04500 | ||
|---|---|---|---|
| 001 | 15431 | ||
| 003 | |||
| 008 | 991231s d | ||
| 040 | |||
| 090 | |a 019205 | ||
| 110 | |a Coordinación Educativa Centroamericana | ||
| 245 | |a Informe final: Reunión sobre Recursos y Necesidades de Información y Documentación Socio-educativa en el Area Centroamericana | ||
| 260 | |a Guatemala : | ||
| 300 | |a p. varia | ||
| 650 | |a INFORMACION | ||
| 650 | |a DOCUMENTACION | ||
| 999 | |c 16107 |d 16107 | ||
